000 00416nam a22001817a 4500
003 MPLRDC
005 20220104114039.0
008 210129b ||||| |||| 00| 0 eng d
020 _a7-80042-037-X
082 _a091 SZS
100 _a孙振声编著
245 _a白话易经
_c
250 _a二刷
260 _a
_b中外文化出版公司
_c1990
300 _b
650 _a易经
942 _cBK
_o091 SZS
999 _c4399
_d4389